000
00337nam a2200133Ia 4500
008
231017s9999 xx 000 0 und d
082
_a
363.10
082
_b
TUF
245
0
_a
Austroads Technical Report; Road safety engineering risk assessment Part-8
245
0
_c
Austroads
260
_b
Austroads
300
_c
30cm
942
_c
REP
999
_c
604980
_d
604980